| 000 | 00502cam a2200145 4500500 | ||
|---|---|---|---|
| 005 | 20260329021713.0 | ||
| 041 | _afre | ||
| 042 | _adc | ||
| 100 | 1 | 0 |
_aCavallin, Jean-Christophe _eauthor |
| 245 | 0 | 0 | _aPascal et la maladie de la pensée |
| 260 | _c2013. | ||
| 500 | _a25 | ||
| 786 | 0 | _nLibres cahiers pour la psychanalyse | 28 | 2 | 2013-11-01 | p. 143-160 | 1625-7480 | |
| 856 | 4 | 1 | _uhttps://shs.cairn.info/revue-libres-cahiers-pour-la-psychanalyse-2013-2-page-143?lang=fr&redirect-ssocas=7080 |
| 999 |
_c1914565 _d1914565 |
||